Records à l'UFC - Statistiques

Statistiques générales
  • Ce quiz a été pris 516 fois
  • Le résultat moyen est 8 sur 15
Statistiques - réponses
Hint Réponse % Correct
Le plus jeune champion Jon Jones
97%
Le plus de combats pour le titre Jon Jones
97%
1er double champion Conor McGregor
88%
Nombre de finishes (KO et Soumissions) Charles Oliveira
82%
KO le plus rapide Jorge Masvidal
79%
KO le plus lointain dans 1 combats Max Holloway / Yair Rodriguez
72%
Plus grande série de victoires Anderson Silva
69%
Le plus de takedowns en 1 combat Khabib Nurmagomedov
57%
Nombres de KO Derrick Lewis
52%
Nombre de combats Jim Miller
41%
Champion le plus âgé Randy Couture
30%
Le plus de temps passé dans la cage (combat) Rafael Dos Anjos
11%
Le plus de knockdowns donnés Donald Cerrone
10%
Pourcentage de précision dans les frappes Alistair Overeem
5%
Soumission la plus rapide Oleg Taktarov
2%
Aucun quiz correspondant
Distribution des résultats
% des personnes avec chaque résultat
Percentile par nombre de réponses
Votre historique - résultats
Vous n’avez pas pris ce quiz